000 00539nam a2200157 a 4500
005 20140414131859.0
008 100907s19uu xx 00 eng d
050 _aFIL 307.1412
_bL61 2006
100 _aDy-Liacco, Nikki
245 _aKhan :
_ba teacher of everything.
260 _aMakati, Philippines :
_bBookmark,
_cc2006.
440 _aGreat men and women of Asia- children's series
650 _aRural development
_xPakistan
_xJuvenile literature
_x
650 _aCommunity development
_xPakistan
_xJuvenile literature
999 _c110574
_d110574